| 000 | 00651nam a22002537a 4500 | ||
|---|---|---|---|
| 003 | UA-OsUOA | ||
| 001 | 93233 | ||
| 007 | ta | ||
| 008 | 20130116b un ||||| |||| 00| 0 ukr d | ||
| 100 | _aКоритко Р. Ф. | ||
| 090 |
_a725.515(091) _bК66 |
||
| 942 | _cBK | ||
| 040 |
_aUA-OsUOA _bukr _cUA-OsUOA _dUA-OsUOA |
||
| 245 | _aІсторія санаторію "Черче" | ||
| 300 | _a176 с. | ||
| 955 | _a2 | ||
| 041 | _aukr | ||
| 080 | _a725.515(091) | ||
| 020 | _a978-966-1518-29-1 | ||
| 260 |
_aЛьвів _bЗУКЦ _c2009 |
||
| 250 | _n2-ге вид. допов. | ||
| 650 | 7 |
_a72 Архітектура _2UDC |
|
| 999 |
_c379446 _d379446 |
||